000 00575nam a2200181Ia 4500
003 GCL
008 140319s9999 xx 000 0 ara d
040 _aGCL /
_cGCL
082 0 4 _a257.2
_bم خ
100 1 _aمحمد حسين الزبيدى
245 1 0 _aاخراج وصناعة الكتابة لقدامة بن جعفر /
_cمحمد حسين الزبيدى
490 _aكتب التراث
_v0
650 0 4 _aالاقتصاد الاسلامى
650 0 4 _aالاسلام والاقتصاد
650 0 4 _aالخراج
650 0 4 _aبيت المال
942 _2ddc
_cBK
999 _c44672
_d44672